000 00570nam a2200181Ia 4500
003 GCL
008 140319s9999 xx 000 0 ara d
040 _aGCL /
_cGCL
082 0 4 _aط
_b372.218
_bش ت
100 1 _aشركة سفير
245 1 0 _aتعليم القراءة والكتابة, لدور الحضانة ورياض الاطفال, 2ج /
_cشركة سفير
260 _a[S.N] :
_bسفير
300 _a63 + 64 ص
490 _aسفيرالكلمة الطيبة
_v0
650 0 4 _aالاطفال
650 0 4 _aتعليم الاطفال
942 _2ddc
_cBK
999 _c56360
_d56360